000 00602nam a2200193Ia 4500
001 14752
003 GE_BSU
008 181216s||||||||xx |||||||||||||| ||und||
040 _cGE_BSU
080 _a624.041
245 _aСтатически неопределимые системы: построение и развитие алгоритмов.
245 _cРед. И.М.Лыкова.
260 _aКиев.
260 _bБудiвельник.
260 _c1968.
300 _a309 стр. 21 см.
653 _aСтатически неопределимые системы.
942 _cBK
999 _c47876
_d47876